000 00544nam a22001697a 4500
005 20251108165313.0
008 250721s2008 xx 000 0 ara d
082 1 4 _a213/نوو
100 1 _aالنووي، أبي زكريا محي الدين يحيى بن شرف بن حسن الحراني
245 1 0 _aرياض الصالحين /
264 1 _aبيروت :
_bالكتب العلمية،
_c2008.
300 _a400ص.
650 1 7 _aالحديث الشريف
650 1 7 _aالفقه الاسلامي
942 _2ddc
_cBK
999 _c24578
_d24578